| 000 | 00553nam a22001817a 4500 | ||
|---|---|---|---|
| 005 | 20251108164742.0 | ||
| 008 | 250721s1996 xx 000 0 ara d | ||
| 082 | 1 | 4 | _a615.89/عاي |
| 100 | 1 | _aالرواجبة، عايدة | |
| 245 | 1 | 0 | _aعلاج مريض السكري بالأعشاب / |
| 264 | 1 |
_aعمان : _bدار الإسراء للنشر و التوزيع، _c1996. |
|
| 300 | _a88ص | ||
| 650 | 1 | 7 | _aالطب الشعبي |
| 650 | 1 | 7 | _aالنباتات الطبية |
| 650 | 1 | 7 | _aمرض السكر |
| 942 |
_2ddc _cBK |
||
| 999 |
_c13504 _d13504 |
||